000 00851nas a2200265 4500
001 BR9502658
003 BR-BrBNA
005 20231205094017.0
007 ta
008 230509b bl.|||p| |||| 00| 00por d
040 _aBR-BrBNA
_bpor
_cBiblioteca Nacional de Agricultura
041 _a(Pt)
072 _aL72
100 1 _aPacheco, R.G.
100 1 _aBotelho, G.G.
100 1 _aLopes, C.W.G.
245 1 _aASAT, CK-MB e LDH de caprinos experimentalmente infectados com Sarcocystis capracanis Fischer, 1979 (Apicomplexa: Sarcocystidae)
650 _aCaprino
650 _aCoccideo
650 _aEnzima
650 _aAtividade Enzimica
773 0 _tRevista Brasileira de Medicina Veterinaria (Brazil)
_xISSN 0100-2430
_g(Sep-Oct 1994), v. 16(5) p. 209-217
_wBR9502658
909 _a202311
_bLúcia
_c55
_dLúcia Elande
942 _2AGRIS
_n0
_cANA
999 _c141577
_d141577